S - Things that start with the letter 'S' - Statistics

General Stats
  • This quiz has been taken 807 times
  • The average score is 10 of 20
Answer Stats
Hint Answer % Correct
Clark Kent's alter-ego Superman
84%
1993 American RomCom, 'Sleepless in _______' Seattle
80%
Scooby-Doo's friend Shaggy
80%
State capital city of California Sacramento
78%
A building for housing livestock, especially horses Stable
74%
According to Jim Kirk it's the 'Final Frontier' Space
71%
Collective name for shrimp, crab, lobster, mussels and oysters etc Seafood
64%
Frontman for the 'Police' Sting
64%
The canal that joins the Mediterranean and Red Seas Suez
64%
A high drag projectile used in the sport of badminton Shuttlecock
61%
The highest point of a mountain Summit
59%
E.g. Sputnik Satellite
50%
'Sea ______' - a type of nautical working song Shanty
47%
Mobile phone based music identification service Shazam
36%
The oldest city in the State of Georgia Savannah
35%
According to the Hebrew bible he ordered the building of the first Temple on Temple Mount Solomon
31%
The city where c2million personnel were killed or wounded between August 1942 and February 1943 Stalingrad
23%
Surname of the singer who was buried in 1998 with a bottle of Jack Daniels slipped into his coat pocket Sinatra
12%
Cocktail traditionally made with Cognac, orange liquor and lemon juice Sidecar
5%
A township in South Africa where on 21 March 1960 there was a massacre Sharpeville
1%
No matching quizzes found
Score Distribution
Percent of People with Each Score
Percentile by Number Answered
Your Score History
You have not taken this quiz